| 000 | 00537nam a22002057a 4500 | ||
|---|---|---|---|
| 003 | OSt | ||
| 005 | 20140310182753.0 | ||
| 008 | 130204t xxu||||| |||| 00| 0 eng d | ||
| 020 | _a9712704351 | ||
| 050 |
_aQA 531 _b.H414 1993 |
||
| 082 |
_aM 516.24 _bH32 1993 |
||
| 245 |
_aPrentice Hall trigonometry _cHayden, Jerome D. |
||
| 260 |
_aEnglewood Cliffs, N.J. _b Prentice-Hall _c1993 |
||
| 300 |
_a472 p. _c24 cm. |
||
| 521 | _acollege students | ||
| 526 | _c1210L-1700L | ||
| 541 | _j1 | ||
| 562 | _e4 | ||
| 942 |
_2lcc _cBK _mM |
||
| 999 |
_c15794 _d15794 |
||